Transparentnosť verejnej správy SR
Podstata transparentnosti. Problematika transparentnosti vo verejnej správe. Fenomén good governance - dobré spravovanie vecí verejných. Cieľ a kritériá transparentnosti vo verejnej správe. Súvisiace reformy. Legislatívne dokumenty - determinanty realizácie reformy verejnej správy. Výsledný efekt fi...
Enregistré dans:
| Auteur principal: | |
|---|---|
| Autres auteurs: | |
| Format: | Chapitre de livre |
| Langue: | slovaque |
| Sujets: | |
| Tags: |
Pas de tags, Soyez le premier à ajouter un tag!
|
MARC
| LEADER | 00000nla$a2200000$$$4500 | ||
|---|---|---|---|
| 001 | 0064595 | ||
| 005 | 20240502083155.9 | ||
| 041 | 0 | |a slo | |
| 044 | |a CZ | ||
| 245 | 1 | 0 | |a Transparentnosť verejnej správy SR |c Alžbeta Foltínová, Gabriela Dubcová |
| 520 | |a Podstata transparentnosti. Problematika transparentnosti vo verejnej správe. Fenomén good governance - dobré spravovanie vecí verejných. Cieľ a kritériá transparentnosti vo verejnej správe. Súvisiace reformy. Legislatívne dokumenty - determinanty realizácie reformy verejnej správy. Výsledný efekt finalizujúcej reformy verejnej správy. Korupcia vo verejnej správe. Negatívny dopad korupcie. Meranie korupcie. | ||
| 610 | 2 | 0 | |a správa verejná |
| 610 | 2 | 0 | |a riadenie |
| 610 | 2 | 0 | |a inštitúcie verejnoprávne |
| 610 | 2 | 0 | |a zdravotníctvo |
| 610 | 2 | 0 | |a školstvo |
| 610 | 2 | 0 | |a prokuratúra |
| 610 | 2 | 0 | |a samospráva |
| 610 | 2 | 0 | |a reformy |
| 610 | 2 | 0 | |a decentralizácia |
| 610 | 2 | 0 | |a financie verejné |
| 610 | 2 | 0 | |a legislatíva |
| 610 | 2 | 0 | |a korupcia |
| 100 | 1 | |a Foltínová, Alžbeta | |
| 700 | 1 | |a Dubcová, Gabriela, 1968- | |